Digital signal processing : (Record no. 14268)
[ view plain ]
| 000 -LEADER | |
|---|---|
| fixed length control field | 01099pam a2200301 a 4500 |
| 001 - CONTROL NUMBER | |
| JCCL Control Number | 14268 |
| 003 - CONTROL NUMBER IDENTIFIER | |
| JCCL marc code | BD-JhCC |
| 005 - DATE AND TIME OF LATEST TRANSACTION | |
| control field | 20250226083846.0 |
| 008 - FIXED-LENGTH DATA ELEMENTS--GENERAL INFORMATION | |
| fixed length control field | 910403s1992 nyua b 001 0 eng |
| 020 ## - INTERNATIONAL STANDARD BOOK NUMBER | |
| International Standard Book Number | 002396815X |
| 035 ## - SYSTEM CONTROL NUMBER | |
| system control number | (BD-JhCC)14268 |
| 040 ## - CATALOGING SOURCE | |
| Original cataloging agency | DLC |
| Transcribing agency | DLC |
| Modifying agency | DLC |
| 041 ## - LANGUAGE CODE | |
| Language code of Book | english |
| 050 00 - LIBRARY OF CONGRESS CALL NUMBER | |
| Classification number | TK5102.5 |
| Item number | .P6773 1992 |
| 082 00 - DEWEY DECIMAL CLASSIFICATION NUMBER | |
| Classification number | 621.3822 |
| DDC Edition number | 20 |
| Author mark and Year | JOH 1992 |
| 100 1# - MAIN ENTRY--PERSONAL NAME | |
| Personal name | Proakis, John G. |
| 245 10 - TITLE STATEMENT | |
| Title | Digital signal processing : |
| Remainder of title | principles, algorithms, and applications / |
| Statement of responsibility, etc | John G. Proakis, Dimitris G. Manolakis. |
| 250 ## - EDITION STATEMENT | |
| Edition statement | 2nd ed. |
| 260 ## - PUBLICATION, DISTRIBUTION, ETC. (IMPRINT) | |
| Place of publication, distribution, etc | New York : |
| Name of publisher, distributor, etc | Macmillan ; |
| Place of publication, distribution, etc | Toronto : |
| Name of publisher, distributor, etc | Maxwell Macmillan Canada ; |
| Place of publication, distribution, etc | New York : |
| Name of publisher, distributor, etc | Maxwell Macmillan International, |
| Date of publication, distribution, etc | 1992. |
| 300 ## - PHYSICAL DESCRIPTION | |
| Pagination | xviii, 969 p. : |
| Other physical details | ill. ; |
| Dimensions | 26 cm. |
| 500 ## - GENERAL NOTE | |
| General note | Rev. ed. of: Introduction to digital signal processing. c1988. |
| 504 ## - BIBLIOGRAPHY, ETC. NOTE | |
| Bibliography, etc | Includes bibliographical references (p. 951-962) and index. |
| 650 #0 - SUBJECT ADDED ENTRY--TOPICAL TERM | |
| Topical term or geographic name as entry element | Signal processing |
| General subdivision | Digital techniques. |
| 700 1# - ADDED ENTRY--PERSONAL NAME | |
| Personal name | Manolakis, Dimitris G. |
| 700 1# - ADDED ENTRY--PERSONAL NAME | |
| Personal name | Proakis, John G. |
| Title of a work | Introduction to digital signal processing. |
| 942 ## - ADDED ENTRY ELEMENTS (KOHA) | |
| Source of classification or shelving scheme | Dewey Decimal Classification |
| Koha item type | Books |
| Source of classification or shelving scheme | Damaged status | Not for loan | Home library | Current library | Shelving location | Date of accession | Source of acquisition | Total Checkouts | Full call number | Barcode | Date last seen | Copy number | Method of acquisition | Koha item type | Currency |
|---|---|---|---|---|---|---|---|---|---|---|---|---|---|---|---|
| Dewey Decimal Classification | JCC Rouf Library | JCC Rouf Library | General Stacks | With the compliments of Shahriar Imtiaz Rahman,27/1483/K | 621.3822 JOH 1992 | 19869 | 02/26/2025 | C-1 | Gift/Donation | Books | BDT |